| 000 | 01088nam a2200301Ia 4500 | ||
|---|---|---|---|
| 001 | ebr10572362 | ||
| 003 | CaPaEBR | ||
| 006 | m u | ||
| 007 | cr cn||||||||| | ||
| 008 | 120705s2010 it s 000 0 eng d | ||
| 020 | _z9788889688557 | ||
| 020 | _z9788889688953 | ||
| 040 |
_aCaPaEBR _cCaPaEBR |
||
| 035 | _a(OCoLC)802049140 | ||
| 050 | 1 | 4 |
_aRM301.27 _b.C37 2010eb |
| 100 | 1 | _aCaputi, Achille Patrizio. | |
| 245 | 1 | 0 |
_aDrugs and laboratory parameters _h[electronic resource] / _cAchille Patrizio Caputi, Giuseppina Fava. |
| 250 | _a1st ed. | ||
| 260 |
_aTorino : _bSEEd, _c2010. |
||
| 300 | _a199 p. | ||
| 533 |
_aElectronic reproduction. _bPalo Alto, Calif. : _cebrary, _d2011. _nAvailable via World Wide Web. _nAccess may be limited to ebrary affiliated libraries. |
||
| 650 | 0 |
_aDrugs _xTesting. |
|
| 650 | 0 | _aPharmacology. | |
| 655 | 7 |
_aElectronic books. _2local |
|
| 700 | 1 | _aFava, Giuseppina. | |
| 710 | 2 | _aebrary, Inc. | |
| 856 | 4 | 0 |
_uhttp://site.ebrary.com/lib/rucke/Doc?id=10572362 _zAn electronic book accessible through the World Wide Web; click to view |
| 999 |
_c184109 _d184109 |
||